| 000 | 00476cam a2200205ua 4500 | ||
|---|---|---|---|
| 001 | 8137 | ||
| 005 | 20260515114310.0 | ||
| 008 | 150113n ii |||gr||||Z||||||hin | ||
| 040 | _cMAIN | ||
| 041 | _ahin | ||
| 082 | _a294.5 | ||
| 100 |
_aTiwari, R. Ch., _eAuthor. |
||
| 245 |
_aRamchandrika _cBy Ram Chandra Tiwari |
||
| 250 | _a1st. | ||
| 260 |
_aVaranasi: _bSanjay, _c1995. |
||
| 300 | _a220p. | ||
| 653 | _aReligions ofIndic origin | ||
| 653 | _aHinduism | ||
| 942 | _cBK | ||
| 999 |
_c7247 _d7247 |
||